Classifica Marcatori Ligue 1 2017-2018 - Statistics

Statistiche generali
  • Questo quiz è stato fatto 6 volte
  • Il punteggio medio è 8 su 16
Statistiche sulle risposte
Gol Nazione Squadra Calciatore % Corretto
28 Uruguay PSG Edinson Cavani
100%
19 Brasile PSG Neymar
100%
13 Francia PSG Kylian Mbappé
83%
19 Paesi Bassi O. Lione Memphis Depay
83%
18 Italia Nizza Mario Balotelli
67%
18 Colombia Monaco Radamel Falcao
67%
13 Burkina Faso O. Lione Bertrand Traoré
50%
17 Camerun Angers Karl Toko Ekambi
50%
13 Costa d'Avorio Lilla Nicolas Pépé
50%
18 Rep. Dominicana O. Lione Mariano
33%
18 Francia O. Lione Nabil Fekir
33%
22 Francia O. Marsiglia Florian Thauvin
17%
13 Senegal Amiens Moussa Konaté
17%
16 Francia Nizza Alassane Pléa
0%
15 Francia Metz Nolan Roux
0%
15 Portogallo Monaco Rony Lopes
0%
Nessun quiz corrispondente trovato
Distribuzione punteggi
Percentuale di utenti per punteggio
Percentile per numero di risposta
I tuoi punteggi nel tempo
Non hai fatto questo quiz